[Event "EU-chT Seniors 10th"]
[Site "Dresden"]
[Date "2008.02.19"]
[Round "9.3"]
[White "Neudel, Bernd"]
[Black "Andersson, Mats"]
[Result "1/2-1/2"]
[WhiteElo "1952"]
[BlackElo "1825"]
[PlyCount "83"]
[EventDate "2008.02.11"]
[EventType "team-swiss"]
[EventRounds "9"]
[EventCountry "GER"]
[SourceTitle "CBM 122 Extra"]
[Source "ChessBase"]
[SourceDate "2008.03.04"]
[SourceVersion "1"]
[SourceVersionDate "2008.03.04"]
[SourceQuality "1"]
[WhiteTeam "Dresden Striesen"]
[BlackTeam "Sweden III"]
[WhiteTeamCountry "GER"]
[BlackTeamCountry "SWE"]

1. d4 d5 2. Nf3 c6 3. Bf4 Bf5 4. c3 Qb6 5. Qb3 Nd7 6. Nbd2 h6 7. e3 Ngf6 8. h3 e6 9. Be2 Be7 10. 0-0 0-0 11. Rac1 Ne4 12. Rfd1 Ndf6 13. Qxb6 axb6 14. a3 b5 15. Ne5 Nxd2 16. Rxd2 Ne4 17. Rdd1 f6 18. Nd3 Bd6 19. Bxd6 Nxd6 20. g4 Bh7 21. Ne1 e5 22. Ng2 Nc4 23. Bxc4 bxc4 24. Rd2 Rae8 25. f3 Re7 26. Rf1 b5 27. Rff2 Bd3 28. Rd1 Rfe8 29. Rdd2 g6 30. Kh2 Kg7 31. Kg1 f5 32. Rd1 Kf6 33. Ra1 h5 34. Rd1 exd4 35. exd4 hxg4 36. fxg4 Kg5 37. gxf5 gxf5 38. Nf4 Re1+ 39. Rxe1 Rxe1+ 40. Kh2 Be4 41. Kg3 Rg1+ 42. Kh2 1/2-1/2

[Event "EU-chT Seniors 10th"]
[Site "Dresden"]
[Date "2008.02.17"]
[Round "7.3"]
[White "Lauterbach, Eberhard"]
[Black "Andersson, Mats"]
[Result "0-1"]
[WhiteElo "1735"]
[BlackElo "1825"]
[PlyCount "80"]
[EventDate "2008.02.11"]
[EventType "team-swiss"]
[EventRounds "9"]
[EventCountry "GER"]
[SourceTitle "CBM 122 Extra"]
[Source "ChessBase"]
[SourceDate "2008.03.04"]
[SourceVersion "1"]
[SourceVersionDate "2008.03.04"]
[SourceQuality "1"]
[WhiteTeam "Heidenau"]
[BlackTeam "Sweden III"]
[WhiteTeamCountry "GER"]
[BlackTeamCountry "SWE"]

1. d4 d5 2. Nf3 c6 3. Bg5 Bf5 4. e3 Nd7 5. Bd3 Bxd3 6. cxd3 Qb6 7. Qc2 e6 8. 0-0 Bd6 9. Bh4 Ne7 10. Nbd2 0-0 11. Qb3 Nf5 12. Qxb6 axb6 13. a3 Nxh4 14. Nxh4 g5 15. Nhf3 g4 16. Ne1 f5 17. g3 Kg7 18. Ng2 c5 19. dxc5 bxc5 20. f4 Be7 21. Rfc1 Bf6 22. Ra2 h5 23. Kf2 Rh8 24. Nh4 b6 25. b3 Rhc8 26. a4 Nb8 27. b4 Nc6 28. Rb1 Nxb4 29. Ra3 Ra6 30. d4 Rca8 31. Nb3 c4 32. Nd2 Be7 33. Rc3 Rxa4 34. Rb2 Nd3+ 35. Rxd3 cxd3 36. Rb3 Bb4 37. Rxd3 Ra2 38. Ke2 Rxd2+ 39. Rxd2 Bxd2 40. Kxd2 Ra2+ 0-1

[Event "EU-chT Seniors 10th"]
[Site "Dresden"]
[Date "2008.02.14"]
[Round "4.3"]
[White "Andersson, Mats"]
[Black "Andersson, Sven Olof"]
[Result "0-1"]
[WhiteElo "1825"]
[BlackElo "2076"]
[PlyCount "62"]
[EventDate "2008.02.11"]
[EventType "team-swiss"]
[EventRounds "9"]
[EventCountry "GER"]
[SourceTitle "CBM 122 Extra"]
[Source "ChessBase"]
[SourceDate "2008.03.04"]
[SourceVersion "1"]
[SourceVersionDate "2008.03.04"]
[SourceQuality "1"]
[WhiteTeam "Sweden III"]
[BlackTeam "Sweden II"]
[WhiteTeamCountry "SWE"]
[BlackTeamCountry "SWE"]

1. d4 Nf6 2. Nf3 g6 3. Bg5 Bg7 4. Bxf6 Bxf6 5. e4 d6 6. h3 c5 7. c3 Qb6 8. Qc2 cxd4 9. Nxd4 0-0 10. Nb3 Nc6 11. N1d2 Be6 12. Be2 Rac8 13. Rd1 a5 14. Nf3 a4 15. Nc1 Nd4 16. Nxd4 Bxd4 17. 0-0 a3 18. Nb3 Bg7 19. Rd3 axb2 20. Qxb2 Bc4 21. Re3 Bxe2 22. Qxe2 Bxc3 23. Rc1 Bf6 24. Rc4 Qa6 25. Rxc8 Rxc8 26. Qxa6 bxa6 27. Re2 Kf8 28. g4 Be5 29. Kg2 Ke8 30. h4 Kd7 31. Nd2 Rc1 0-1

[Event "Nordic-ch Seniors"]
[Site "Helsingor"]
[Date "2007.07.28"]
[Round "8"]
[White "Andersson, Mats"]
[Black "Iversen, Jens"]
[Result "1-0"]
[WhiteElo "2328"]
[BlackElo "1550"]
[PlyCount "79"]
[EventDate "2007.07.21"]
[EventType "swiss"]
[EventRounds "9"]
[EventCountry "DEN"]
[SourceTitle "EXT 2010"]
[Source "ChessBase"]
[SourceDate "2010.11.25"]
[SourceVersion "1"]
[SourceVersionDate "2010.11.25"]
[SourceQuality "1"]

1. d4 d5 2. Nf3 Nf6 3. e3 c6 4. Bd3 g6 5. Nbd2 Bg4 6. 0-0 Bg7 7. b3 0-0 8. c4 dxc4 9. Bxc4 Nbd7 10. Bb2 Nb6 11. Bd3 e6 12. Rc1 Rc8 13. h3 Bxf3 14. Qxf3 Qc7 15. Bb1 Rfd8 16. Rfe1 Ne8 17. h4 e5 18. Nc4 exd4 19. exd4 Rd7 20. Ne5 Bxe5 21. dxe5 Ng7 22. g4 Ne6 23. h5 Nd5 24. Rcd1 Qd8 25. Bc1 Qh4 26. Kg2 gxh5 27. Rh1 Qxg4+ 28. Qxg4+ hxg4 29. Bxh7+ Kf8 30. Bf5 Ndf4+ 31. Bxf4 Rxd1 32. Rxd1 Nxf4+ 33. Kg3 Ne6 34. Rd7 Rb8 35. Bxe6 fxe6 36. Kxg4 a5 37. Kg5 b5 38. Rc7 Rb6 39. Kf6 a4 40. Rc8# 1-0

[Event "Nordic-ch Seniors"]
[Site "Helsingor"]
[Date "2007.07.25"]
[Round "5"]
[White "Jessen, Ernst J"]
[Black "Andersson, Mats"]
[Result "0-1"]
[WhiteElo "1577"]
[BlackElo "2328"]
[PlyCount "90"]
[EventDate "2007.07.21"]
[EventType "swiss"]
[EventRounds "9"]
[EventCountry "DEN"]
[SourceTitle "EXT 2010"]
[Source "ChessBase"]
[SourceDate "2010.11.25"]
[SourceVersion "1"]
[SourceVersionDate "2010.11.25"]
[SourceQuality "1"]

1. e4 e6 2. d4 d5 3. e5 c5 4. c3 Nc6 5. Nf3 Bd7 6. Bd3 Qb6 7. Bc2 cxd4 8. cxd4 Bb4+ 9. Nc3 Rc8 10. 0-0 f6 11. Na4 Qc7 12. a3 Be7 13. exf6 Bxf6 14. Be3 Nge7 15. Nc5 Nf5 16. Bxf5 exf5 17. Qd2 0-0 18. Bf4 Qd8 19. Nxb7 Qb6 20. Nc5 Rf7 21. Rfe1 Nxd4 22. Nxd7 Nxf3+ 23. gxf3 Rxd7 24. Rac1 Rxc1 25. Rxc1 Qxb2 26. Rc8+ Kf7 27. Qd3 g6 28. Rc7 Rxc7 29. Bxc7 Qc1+ 30. Kg2 Qxc7 31. Qxd5+ Kg7 32. a4 a5 33. h3 Bc3 34. h4 Qf4 35. Qd7+ Kh6 36. Qd8 Kh5 37. Qe7 h6 38. Qc5 Bb4 39. Qc2 Qxh4 40. Qd3 Be1 41. Qe2 Qxf2+ 42. Qxf2 Bxf2 43. Kxf2 f4 44. Kg2 Kg5 45. Kh3 h5 0-1

[Event "Nordic-ch Seniors"]
[Site "Helsingor"]
[Date "2007.07.21"]
[Round "1"]
[White "Westerinen, Heikki MJ"]
[Black "Andersson, Mats"]
[Result "1-0"]
[WhiteElo "2385"]
[BlackElo "2328"]
[PlyCount "45"]
[EventDate "2007.07.21"]
[EventType "swiss"]
[EventRounds "9"]
[EventCountry "DEN"]
[SourceTitle "EXT 2010"]
[Source "ChessBase"]
[SourceDate "2010.11.25"]
[SourceVersion "1"]
[SourceVersionDate "2010.11.25"]
[SourceQuality "1"]

1. e4 e6 2. d4 d5 3. Bd3 dxe4 4. Bxe4 Nf6 5. Bf3 c6 6. Ne2 Bd6 7. 0-0 Qc7 8. g3 Nbd7 9. Nd2 0-0 10. Nc4 e5 11. Bg2 exd4 12. Nxd4 Nb6 13. Nxd6 Qxd6 14. Nxc6 Qxd1 15. Ne7+ Kh8 16. Rxd1 Bg4 17. Rd4 Rae8 18. Bg5 Be6 19. Bxf6 gxf6 20. Nd5 Rd8 21. Rad1 Bxd5 22. Bxd5 Nxd5 23. Rxd5 1-0

[Event "SWE-chT 0304"]
[Site "Sweden"]
[Date "2003.??.??"]
[Round "1"]
[White "Svenn, Matti"]
[Black "Andersson, Mats"]
[Result "1-0"]
[WhiteElo "2245"]
[BlackElo "2365"]
[PlyCount "81"]
[EventDate "2003.10.??"]
[EventType "team-tourn"]
[EventRounds "11"]
[EventCountry "SWE"]
[SourceTitle "EXT 2005"]
[Source "ChessBase"]
[SourceDate "2004.11.15"]
[SourceVersion "1"]
[SourceVersionDate "2004.11.15"]
[SourceQuality "1"]
[WhiteTeam "Kamraterna"]
[BlackTeam "Passanten"]
[WhiteTeamCountry "SWE"]
[BlackTeamCountry "SWE"]

1. Nf3 d5 2. b3 Bg4 3. Bb2 Nd7 4. g3 Ngf6 5. Bg2 e6 6. 0-0 Bd6 7. c4 c6 8. d3 0-0 9. Nbd2 a5 10. a3 Qe7 11. Re1 Rfd8 12. Nf1 a4 13. cxd5 cxd5 14. b4 Rdc8 15. Ne3 Bxf3 16. Bxf3 h5 17. Rc1 Rxc1 18. Qxc1 Ne5 19. Bg2 Neg4 20. Nxg4 hxg4 21. e4 dxe4 22. dxe4 e5 23. Rd1 Bc7 24. Qc2 Bb6 25. Bf1 Qe8 26. Bc4 Qc6 27. Bd3 Qe8 28. Qe2 Rd8 29. Kg2 Qe7 30. Bc2 Rxd1 31. Bxd1 Qe6 32. Bxa4 Qa2 33. Qc2 Qe6 34. Bb3 Qe8 35. Qc4 Ba7 36. a4 Bd4 37. Bxd4 exd4 38. Qxd4 Qxe4+ 39. Qxe4 Nxe4 40. Bd5 Nd6 41. a5 1-0

[Event "SWE-chT 0203"]
[Site "Sweden"]
[Date "2002.11.16"]
[Round "4"]
[White "Andersson, Mats"]
[Black "Agrest, Evgenij"]
[Result "0-1"]
[WhiteElo "2328"]
[BlackElo "2599"]
[PlyCount "68"]
[EventDate "2002.10.11"]
[EventType "team-tourn"]
[EventRounds "11"]
[EventCountry "SWE"]
[SourceTitle "EXT 2004"]
[Source "ChessBase"]
[SourceDate "2003.11.25"]
[SourceVersion "1"]
[SourceVersionDate "2003.11.25"]
[SourceQuality "1"]
[WhiteTeam "Passanten"]
[BlackTeam "Sollentuna"]
[WhiteTeamCountry "SWE"]
[BlackTeamCountry "SWE"]

1. d4 Nf6 2. Nf3 e6 3. Bf4 b6 4. e3 Bb7 5. Nbd2 g6 6. h3 Bg7 7. a4 0-0 8. Be2 d6 9. 0-0 Qe7 10. Bh2 Nbd7 11. a5 e5 12. c3 Kh8 13. b4 a6 14. axb6 cxb6 15. Qb3 Ne8 16. Ra2 f5 17. dxe5 dxe5 18. Rd1 Nc7 19. Nb1 b5 20. c4 Nb6 21. Na3 Rab8 22. Rad2 Bc6 23. cxb5 Nxb5 24. Nxb5 Bxb5 25. Rc1 Rbc8 26. Rxc8 Rxc8 27. g4 Bxe2 28. Rxe2 fxg4 29. hxg4 Rc4 30. Qa3 Rxg4+ 31. Bg3 Qb7 32. Qa5 Qxf3 33. Qxb6 h5 34. Rd2 h4 0-1

[Event "SWE-chT 0203"]
[Site "Sweden"]
[Date "2002.10.11"]
[Round "1"]
[White "Andersson, Mats"]
[Black "Hector, Jonny"]
[Result "0-1"]
[WhiteElo "2328"]
[BlackElo "2562"]
[PlyCount "54"]
[EventDate "2002.10.11"]
[EventType "team-tourn"]
[EventRounds "11"]
[EventCountry "SWE"]
[SourceTitle "EXT 2004"]
[Source "ChessBase"]
[SourceDate "2003.11.25"]
[SourceVersion "1"]
[SourceVersionDate "2003.11.25"]
[SourceQuality "1"]
[WhiteTeam "Passanten"]
[BlackTeam "Limhamn"]
[WhiteTeamCountry "SWE"]
[BlackTeamCountry "SWE"]

1. d4 d5 2. c4 c6 3. Nc3 Nf6 4. e3 e6 5. Nf3 Nbd7 6. Qc2 b6 7. Be2 Bb7 8. 0-0 Be7 9. b3 Rc8 10. cxd5 exd5 11. Bb2 0-0 12. Rfd1 Bd6 13. g3 Re8 14. Rac1 Re7 15. Bf1 Qf8 16. Bg2 g6 17. Nd2 c5 18. Nf3 a6 19. dxc5 Rxc5 20. Qb1 Qh6 21. Na4 Ng4 22. Bd4 Be5 23. Nxc5 bxc5 24. Bxe5 Ndxe5 25. h4 Nxf2 26. Ng5 Nxd1 27. Rxd1 f6 0-1

[Event "SWE-chT 9900"]
[Site "Sweden"]
[Date "2000.??.??"]
[Round "11"]
[White "Eklund, Lars Goran"]
[Black "Andersson, Mats"]
[Result "0-1"]
[WhiteElo "2300"]
[BlackElo "2308"]
[PlyCount "78"]
[EventDate "1999.11.??"]
[EventType "team-tourn"]
[EventRounds "11"]
[EventCountry "SWE"]
[SourceTitle "EXT 2002"]
[Source "ChessBase"]
[SourceDate "2001.11.25"]
[SourceVersion "1"]
[SourceVersionDate "2001.11.25"]
[SourceQuality "1"]

1. Nf3 e6 2. c4 Nf6 3. Nc3 Bb4 4. g3 0-0 5. Bg2 d5 6. a3 Be7 7. d4 dxc4 8. 0-0 Nc6 9. e3 Nd5 10. Nd2 Na5 11. Qe2 b6 12. e4 Nf6 13. e5 Nd5 14. f4 c5 15. f5 cxd4 16. Nxd5 exd5 17. Qf3 Bc5 18. b4 cxb3 19. Nxb3 Nxb3 20. Qxb3 Ba6 21. Re1 d3+ 22. Kh1 Bc4 23. Qd1 f6 24. e6 Qe7 25. Bb2 b5 26. Bf1 Bf2 27. Qd2 Bxe1 28. Rxe1 a5 29. g4 b4 30. h4 h6 31. Ra1 Rac8 32. Bd4 Qd6 33. Kg2 Bb5 34. Bxd3 Bxd3 35. Qxd3 Qf4 36. Kh3 Rc4 37. e7 Rxd4 38. exf8Q+ Kxf8 39. Qe2 Re4 0-1

[Event "SWE-chT 9900"]
[Site "Sweden"]
[Date "1999.??.??"]
[Round "2"]
[White "Andersson, Mats"]
[Black "Eriksson, Magnus"]
[Result "1-0"]
[WhiteElo "2308"]
[BlackElo "2360"]
[PlyCount "87"]
[EventDate "1999.11.??"]
[EventType "team-tourn"]
[EventRounds "11"]
[EventCountry "SWE"]
[SourceTitle "EXT 2002"]
[Source "ChessBase"]
[SourceDate "2001.11.25"]
[SourceVersion "1"]
[SourceVersionDate "2001.11.25"]
[SourceQuality "1"]

1. d4 Nf6 2. Nf3 g6 3. c3 Bg7 4. Bg5 0-0 5. Nbd2 d6 6. e4 Nbd7 7. Be2 c6 8. Qc2 h6 9. Bh4 Nh5 10. Bg3 Nxg3 11. hxg3 e6 12. Nf1 b6 13. Ne3 Bb7 14. Rd1 Qe7 15. 0-0 c5 16. d5 e5 17. g4 Nf6 18. Nh2 Ne8 19. g3 Bc8 20. Kg2 Bd7 21. Rh1 Nf6 22. Rdg1 b5 23. Nhf1 Rfe8 24. Nd2 Rab8 25. Rh4 Qd8 26. Rgh1 c4 27. Qd1 Qc8 28. R1h2 Qc5 29. Qh1 Kf8 30. Rxh6 Bxh6 31. Rxh6 b4 32. Nexc4 bxc3 33. bxc3 Bb5 34. Qh4 Ng8 35. Rh8 Bxc4 36. Nxc4 Qc7 37. Ne3 Red8 38. c4 Re8 39. Bf3 Red8 40. Be2 Re8 41. Qf6 Rb2 42. g5 Rxe2 43. Ng4 Rxf2+ 44. Kxf2 1-0

[Event "SWE-chT 9900"]
[Site "Sweden"]
[Date "1999.??.??"]
[Round "5"]
[White "Andersson, Mats"]
[Black "Moberg, Karl Johan"]
[Result "1/2-1/2"]
[WhiteElo "2308"]
[BlackElo "2345"]
[PlyCount "39"]
[EventDate "1999.11.??"]
[EventType "team-tourn"]
[EventRounds "11"]
[EventCountry "SWE"]
[SourceTitle "EXT 2002"]
[Source "ChessBase"]
[SourceDate "2001.11.25"]
[SourceVersion "1"]
[SourceVersionDate "2001.11.25"]
[SourceQuality "1"]

1. d4 Nf6 2. Nf3 g6 3. Bf4 Bg7 4. e3 0-0 5. h3 b6 6. Nbd2 Bb7 7. Be2 d6 8. 0-0 Nbd7 9. a4 a6 10. Bh2 c5 11. c3 Qc7 12. Bd3 e5 13. dxe5 Nxe5 14. Nxe5 dxe5 15. Be2 Ne4 16. Nxe4 Bxe4 17. Qb3 Qc6 18. f3 Bd5 19. Bc4 Rad8 20. Rfd1 1/2-1/2

[Event "SWE-chT 9899"]
[Site "Sweden"]
[Date "1999.??.??"]
[Round "7"]
[White "Andersson, Mats"]
[Black "Sjogren, Bo"]
[Result "1/2-1/2"]
[WhiteElo "2320"]
[BlackElo "2213"]
[PlyCount "103"]
[EventDate "1998.??.??"]
[EventType "team-tourn"]
[EventRounds "11"]
[EventCountry "SWE"]
[SourceTitle "EXT 2000"]
[Source "ChessBase"]
[SourceDate "1999.11.16"]
[SourceVersion "1"]
[SourceVersionDate "1999.11.16"]
[SourceQuality "1"]

1. Nf3 Nf6 2. g3 d5 3. Bg2 Bf5 4. b3 e6 5. 0-0 Be7 6. Bb2 h6 7. c4 0-0 8. d3 c5 9. cxd5 exd5 10. d4 Nc6 11. Nc3 Rc8 12. dxc5 Bxc5 13. Rc1 Re8 14. Nh4 Be6 15. Na4 Bf8 16. Nc5 Bxc5 17. Rxc5 Ne4 18. Rc2 Qb6 19. Nf3 Nb4 20. Rxc8 Rxc8 21. Nd4 Nxa2 22. Bxe4 dxe4 23. Qa1 Bxb3 24. Nf5 Qe6 25. Nxg7 Qg6 26. h3 Kh7 27. g4 Rg8 28. Qb1 h5 29. Kh1 hxg4 30. Rg1 f5 31. hxg4 fxg4 32. Kg2 Rf8 33. Rh1+ Kg8 34. Nh5 Bd5 35. e3 g3 36. Nxg3 Qg4 37. Rh8+ Kf7 38. Rxf8+ Kxf8 39. Qc2 b6 40. Qc7 Qe6 41. Qb8+ Kf7 42. Qxa7+ Ke8 43. Qb8+ Kd7 44. Bd4 Nb4 45. Bxb6 Nd3 46. Qc7+ Ke8 47. Qd8+ Kf7 48. Bd4 Ne1+ 49. Kf1 Nf3 50. Qh8 Qc6 51. Qh7+ Ke8 52. Qh8+ 1/2-1/2

[Event "SWE-chT 9899"]
[Site "Sweden"]
[Date "1999.??.??"]
[Round "11"]
[White "Holmquist, Gunnar"]
[Black "Andersson, Mats"]
[Result "0-1"]
[WhiteElo "2257"]
[BlackElo "2366"]
[PlyCount "68"]
[EventDate "1998.??.??"]
[EventType "team-tourn"]
[EventRounds "11"]
[EventCountry "SWE"]
[SourceTitle "EXT 2000"]
[Source "ChessBase"]
[SourceDate "1999.11.16"]
[SourceVersion "1"]
[SourceVersionDate "1999.11.16"]
[SourceQuality "1"]

1. Nf3 d5 2. g3 c6 3. Bg2 Bg4 4. d3 Nd7 5. Nbd2 e5 6. h3 Bh5 7. e4 Ngf6 8. 0-0 dxe4 9. Nxe4 Nxe4 10. dxe4 Be7 11. Be3 0-0 12. Qd3 Qc7 13. a4 a5 14. Rfd1 Rad8 15. Qc4 Kh8 16. Rd2 f6 17. Nh4 b6 18. Bf3 Bf7 19. Qe2 Bb4 20. Rdd1 Bc5 21. Bg4 Bxe3 22. Qxe3 Nc5 23. b3 Rxd1+ 24. Rxd1 Rd8 25. Rxd8+ Qxd8 26. Be2 Be6 27. g4 Qd4 28. Nf5 Qxe4 29. Qxe4 Nxe4 30. Ne7 Nc3 31. Ba6 Bd7 32. Bc8 Be8 33. Bb7 Ne2+ 34. Kf1 Nd4 0-1

[Event "SWE-chT 9899"]
[Site "Sweden"]
[Date "1999.??.??"]
[Round "9"]
[White "Hultin, Johan"]
[Black "Andersson, Mats"]
[Result "0-1"]
[WhiteElo "2358"]
[BlackElo "2366"]
[PlyCount "92"]
[EventDate "1998.??.??"]
[EventType "team-tourn"]
[EventRounds "11"]
[EventCountry "SWE"]
[SourceTitle "EXT 2000"]
[Source "ChessBase"]
[SourceDate "1999.11.16"]
[SourceVersion "1"]
[SourceVersionDate "1999.11.16"]
[SourceQuality "1"]

1. d4 d5 2. c4 c6 3. Nc3 Nf6 4. e3 a6 5. Bd3 b5 6. cxd5 cxd5 7. h3 e6 8. Nf3 Nc6 9. 0-0 Bb7 10. e4 dxe4 11. Nxe4 Be7 12. a4 Nxd4 13. Nxd4 Nxe4 14. axb5 Qxd4 15. Ra4 Qd7 16. Rxe4 Rd8 17. Re3 axb5 18. Qh5 Bd5 19. Rg3 Bf6 20. Bg5 g6 21. Qh6 Bxg5 22. Rxg5 Ke7 23. Rg3 Qb7 24. h4 b4 25. Re1 Qb6 26. Qg5+ f6 27. Qh6 Kf7 28. h5 Rdg8 29. Rc1 Ke7 30. Rg4 Rc8 31. Re1 gxh5 32. Qg7+ Kd6 33. Rf4 Rhg8 34. Rxe6+ Bxe6 35. Qxf6 Rc1+ 36. Kh2 Qc7 37. g3 h4 38. Rd4+ Kc5 39. Rxh4 Bd5 40. Qd4+ Kd6 41. Rh6+ Rg6 42. Qxb4+ Qc5 43. Qb8+ Kc6 44. Qa8+ Kb6 45. Qd8+ Qc7 46. Rxg6+ hxg6 0-1

[Event "SWE-chT 9900"]
[Site "Sweden"]
[Date "1999.??.??"]
[Round "1"]
[White "Schandorff, Lars"]
[Black "Andersson, Mats"]
[Result "1-0"]
[WhiteElo "2514"]
[BlackElo "2308"]
[PlyCount "97"]
[EventDate "1999.11.??"]
[EventType "team-tourn"]
[EventRounds "11"]
[EventCountry "SWE"]
[SourceTitle "EXT 2002"]
[Source "ChessBase"]
[SourceDate "2001.11.25"]
[SourceVersion "1"]
[SourceVersionDate "2001.11.25"]
[SourceQuality "1"]

1. d4 d5 2. c4 e6 3. Nc3 Be7 4. Nf3 Nf6 5. Bf4 0-0 6. e3 c5 7. dxc5 Bxc5 8. a3 Nc6 9. b4 Be7 10. cxd5 exd5 11. Bd3 Be6 12. 0-0 Rc8 13. Rc1 Bd6 14. Bxd6 Qxd6 15. Nb5 Qe7 16. Qa4 a6 17. Nbd4 Nxd4 18. Nxd4 Rxc1 19. Rxc1 Rc8 20. Rxc8+ Bxc8 21. Qc2 Be6 22. f3 g6 23. Kf2 Kf8 24. Qc3 Kg8 25. Nb3 Ne8 26. Qe5 Qd6 27. Qxd6 Nxd6 28. Nc5 Kf8 29. Ke2 Bc8 30. a4 Ke7 31. a5 Ne8 32. Kd2 Kd6 33. Kc3 Nc7 34. Kd4 Ne6+ 35. Nxe6 fxe6 36. f4 Bd7 37. g4 Be8 38. g5 Ba4 39. e4 Bc6 40. exd5 Bxd5 41. Be2 Bc6 42. h4 Bb5 43. Bd1 Be8 44. Bg4 Bc6 45. h5 gxh5 46. Bxh5 Bg2 47. Be2 Bh3 48. Bf3 Kc7 49. Be4 1-0

[Event "SWE-chT 9899"]
[Site "Sweden"]
[Date "1998.10.17"]
[Round "2"]
[White "Eksmyr, Johan"]
[Black "Andersson, Mats"]
[Result "0-1"]
[WhiteElo "2190"]
[BlackElo "2320"]
[PlyCount "68"]
[EventDate "1998.??.??"]
[EventType "team-tourn"]
[EventRounds "11"]
[EventCountry "SWE"]
[SourceTitle "EXT 2000"]
[Source "ChessBase"]
[SourceDate "1999.11.16"]
[SourceVersion "1"]
[SourceVersionDate "1999.11.16"]
[SourceQuality "1"]

1. d4 Nf6 2. Bg5 e6 3. e4 h6 4. Bxf6 Qxf6 5. Nc3 d6 6. Qd2 g6 7. 0-0-0 Nd7 8. f4 Nb6 9. Nf3 Bd7 10. g3 0-0-0 11. Bg2 Bc6 12. Kb1 Be7 13. Rhf1 Qg7 14. Qe2 a6 15. Qf2 g5 16. Nd2 gxf4 17. Qxf4 Rhf8 18. Nf3 Kb8 19. Qe3 Rde8 20. Qd3 Bd8 21. Bh3 Qg6 22. d5 Bd7 23. e5 Qh5 24. dxe6 fxe6 25. Bg2 d5 26. Rfe1 Qf7 27. Qe3 Qg7 28. Ne2 Nc4 29. Qd4 c5 30. Qxc5 Bb6 31. Qb4 Ba5 32. Qb3 Bxe1 33. Rxe1 Rxf3 34. Bxf3 Nd2+ 0-1

[Event "Stockholm Elo"]
[Site "Stockholm"]
[Date "1998.06.12"]
[Round "7"]
[White "Gamback, Bjorn"]
[Black "Andersson, Mats"]
[Result "1/2-1/2"]
[WhiteElo "2240"]
[BlackElo "2320"]
[PlyCount "134"]
[EventDate "1998.06.06"]
[EventType "tourn"]
[EventRounds "9"]
[EventCountry "SWE"]
[SourceTitle "CBM 065 Extra"]
[Source "ChessBase"]
[SourceDate "1998.09.09"]
[SourceVersion "1"]
[SourceVersionDate "1998.09.09"]
[SourceQuality "1"]

1. e4 c5 2. c3 Nf6 3. e5 Nd5 4. d4 cxd4 5. Nf3 e6 6. cxd4 d6 7. a3 Bd7 8. Bd3 Bc6 9. 0-0 Nd7 10. b4 a6 11. Nbd2 Nf4 12. Be4 Rc8 13. Re1 dxe5 14. dxe5 Nb6 15. Qb3 Be7 16. Bxc6+ Rxc6 17. Ne4 Qd5 18. Qxd5 Nbxd5 19. Bxf4 Nxf4 20. g3 Nd5 21. Rac1 Rxc1 22. Rxc1 Kd7 23. Nfd2 a5 24. Nb3 axb4 25. axb4 Bxb4 26. Nbc5+ Ke7 27. Nxb7 f5 28. Ned6 Ra8 29. Rc8 Rxc8 30. Nxc8+ Kd7 31. Ncd6 Kc7 32. Kf1 Ne7 33. Ke2 Nc8 34. Ne8+ Kxb7 35. Nxg7 Kc6 36. Nxe6 Kd5 37. Nf4+ Kd4 38. h3 Be7 39. Nd3 Nb6 40. g4 fxg4 41. hxg4 Nc4 42. f4 Ke4 43. f5 Bh4 44. Nc5+ Kxe5 45. Kf3 Nd2+ 46. Ke2 Bg5 47. Nd3+ Kd4 48. Nf2 Nc4 49. Nh3 h6 50. Kf3 Ne5+ 51. Kg3 Ke3 52. Nf2 Bf4+ 53. Kg2 Ke2 54. Nh3 Bd2 55. Kg3 Bg5 56. Ng1+ Ke3 57. Nh3 Nd7 58. Nf2 Nf6 59. Nd1+ Kd2 60. Nf2 Ke2 61. Nh3 Ne4+ 62. Kg2 Ke3 63. Ng1 Kf4 64. Nh3+ Ke3 65. Ng1 Nf2 66. Kg3 Ne4+ 67. Kg2 Kf4 1/2-1/2